|
|
|
|
| LEADER |
00945nab a2200217 i 4500 |
| 001 |
acta74083 |
| 005 |
20211213075837.0 |
| 008 |
211213s2021 hu o 0|| hun d |
| 020 |
|
|
|a 978-615-6060-46-4
|
| 040 |
|
|
|a SZTE Egyetemi Kiadványok Repozitórium
|b hun
|
| 041 |
|
|
|a hun
|
| 100 |
1 |
|
|a Fábri György
|
| 245 |
1 |
0 |
|a Bevezetés
|h [elektronikus dokumentum] /
|c Fábri György
|
| 260 |
|
|
|c 2021
|
| 300 |
|
|
|a 5-6
|
| 490 |
0 |
|
|a Tudományos karrierek a 21. század elején
|
| 650 |
|
4 |
|a Társadalomtudományok
|
| 650 |
|
4 |
|a Közgazdasági és gazdálkodástudományok
|
| 650 |
|
4 |
|a Szociológia
|
| 695 |
|
|
|a Munkavállalás - érvényesülés - bevezetés, Munkaerőpiac - bevezetés, Érvényesülés - nők - bevezetés, Érvényesülés - férfiak - bevezetés, Nők - tudományos élet - bevezetés, Férfiak - tudományos élet - bevezetés
|
| 856 |
4 |
0 |
|u http://acta.bibl.u-szeged.hu/74083/1/2021_tudomanyos_karrierek_005-006.pdf
|z Dokumentum-elérés
|